|
|
|
|
| LEADER |
00000nab a2200000 ar4500 |
| 001 |
vtls011760694 |
| 003 |
SK-MaSNL |
| 005 |
20260303231838.0 |
| 008 |
180606c20171030xo mr|p|||||||000 b|slo |
| 038 |
|
|
|a SNSK
|
| 040 |
|
|
|a SNSK
|b slo
|e rda
|c SK
|
| 041 |
|
|
|a slo
|
| 043 |
|
|
|a e-xo- - -
|
| 044 |
|
|
|a xo
|c SK
|
| 080 |
|
|
|a 615.838.2
|2 2011
|
| 080 |
|
|
|a 7.025.2
|2 2011
|
| 080 |
|
|
|a 625.712.32
|2 2011
|
| 245 |
0 |
0 |
|a Sobranské kúpele liečili kedysi celé Uhorsko
|b zo slovenských Varov ostali len schátrané budovy
|c [autor] ee; foto: autorka, archív Ján Semka
|
| 300 |
|
|
|b Fotogr.
|
| 610 |
2 |
7 |
|a Sobranecké kúpele (Sobrance, Slovensko)
|2 snsk
|9 51743
|
| 650 |
0 |
7 |
|a kúpele
|2 snsk
|9 1139
|
| 650 |
0 |
7 |
|a Chátranie. Rozpadávanie. Ničenie.
|2 snsk
|9 1092776
|
| 650 |
0 |
7 |
|a kolonády
|2 snsk
|9 1192534
|
| 651 |
|
7 |
|a Sobrance (Slovensko)
|2 snsk
|9 23785
|
| 773 |
0 |
|
|t Nový Čas
|g Roč. 27, č. 250 (30.10.2017), s. 9-8
|x 1335-4655
|
| 852 |
|
|
|a SNSK
|b KIS3GCP
|
| 856 |
4 |
1 |
|u https://www.cas.sk/clanok/613520/sobranecke-kupele-kedysi-liecili-cele-uhorsko-zo-slovenskych-varov-ostali-len-schatrane-budovy/
|
| 999 |
|
|
|c 2268921
|d 2270851
|